The physiology of flowering plants : (Record no. 24441)

MARC details
000 -LEADER
fixed length control field 00955cam a2200289 a 4500
001 - CONTROL NUMBER
control field 524271
003 - CONTROL NUMBER IDENTIFIER
control field OSt
005 - DATE AND TIME OF LATEST TRANSACTION
control field 20211227153930.0
008 - FIXED-LENGTH DATA ELEMENTS--GENERAL INFORMATION
fixed length control field 860613s1984 enka b 001 0 eng
010 ## - LIBRARY OF CONGRESS CONTROL NUMBER
LC control number 86172208
020 ## - INTERNATIONAL STANDARD BOOK NUMBER
International Standard Book Number 0713128836 (pbk.)
040 ## - CATALOGING SOURCE
Original cataloging agency DLC
Transcribing agency HU
Modifying agency DLC
050 00 - LIBRARY OF CONGRESS CALL NUMBER
Classification number QK711.2
Item number .S78 1984
082 00 - DEWEY DECIMAL CLASSIFICATION NUMBER
Classification number 582.13/041
Edition number 19
100 1# - MAIN ENTRY--PERSONAL NAME
Personal name Street, H. E.
Fuller form of name (Herbert Edward)
9 (RLIN) 25539
245 14 - TITLE STATEMENT
Title The physiology of flowering plants :
Remainder of title their growth and development /
Statement of responsibility, etc. H.E. Street, Helgi Öpik.
250 ## - EDITION STATEMENT
Edition statement 3rd ed.
260 ## - PUBLICATION, DISTRIBUTION, ETC.
Place of publication, distribution, etc. London ;
-- Baltimore, Md. :
Name of publisher, distributor, etc. E. Arnold,
Date of publication, distribution, etc. 1984.
300 ## - PHYSICAL DESCRIPTION
Extent 279 p. :
Other physical details ill. ;
Dimensions 23 cm.
440 #2 - SERIES STATEMENT/ADDED ENTRY--TITLE
Title A Series of student texts in contemporary biology
9 (RLIN) 25540
504 ## - BIBLIOGRAPHY, ETC. NOTE
Bibliography, etc. note Includes bibliographies and index.
650 #0 - SUBJECT ADDED ENTRY--TOPICAL TERM
Topical term or geographic name entry element Plant physiology.
9 (RLIN) 5753
650 #0 - SUBJECT ADDED ENTRY--TOPICAL TERM
Topical term or geographic name entry element Angiosperms.
9 (RLIN) 25541
700 1# - ADDED ENTRY--PERSONAL NAME
Personal name Öpik, Helgi,
Dates associated with a name 1936-
9 (RLIN) 25542
906 ## - LOCAL DATA ELEMENT F, LDF (RLIN)
a 7
b cbc
c orignew
d 3
e ncip
f 19
g y-gencatlg
942 ## - ADDED ENTRY ELEMENTS (KOHA)
Source of classification or shelving scheme Dewey Decimal Classification
Koha item type Books like text book referance book
Suppress in OPAC No
Holdings
Withdrawn status Lost status Source of classification or shelving scheme Damaged status Not for loan Collection code Home library Current library Shelving location Date acquired Total Checkouts Full call number Barcode Date last seen Copy number Price effective from Koha item type
    Dewey Decimal Classification     Reference Wondo Genet Library Wondo Genet Library General Stacks 12/27/2021   582.13`041 STR 1991 WGCFNRL00009648 12/27/2021 1 12/27/2021 Books like text book referance book